000 00263nam a2200109Ia 4500
008 151213s9999 xx 000 0 und d
245 _aদপন বাহকেরা।
300 _a8758 p.
650 _aBangla
650 _aউপন্যাস
999 _c4543
_d4543